|
|
|
|
| LEADER |
00000nam a22000007a 4500 |
| 005 |
2019032608248.0 |
| 007 |
cr|||| |||| |
| 008 |
190326s2018 es |||||s|||| 00||0 spa d |
| 020 |
|
|
|a 978-84-17310-26-4
|
| 035 |
|
|
|a 23162
|
| 040 |
|
|
|a vLex
|
| 090 |
|
|
|c 8503
|d 8503
|
| 100 |
1 |
|
|a Miąrro Yanini, Margarita
|
| 245 |
1 |
2 |
|a La dimensin̤ social del Derecho de asilo el estatuto de garanta̕s de integracin̤ socio-laboral de los "refugiados
|h [Recurso electrn̤ico] /
|c Margarita Miąrro Yanini
|
| 256 |
|
|
|a Servicio en ln̕ea
|
| 260 |
|
|
|a Albacete:
|b Editorial Bomarzo,
|c 2018
|
| 300 |
|
|
|a 1 recurso electrn̤ico
|
| 506 |
1 |
|
|a Disponible solo en los productos indicados
|d vLex Global
|d vLex Global (Academic Edition, excluding Law Schools)
|d vLex Global (U.S. Academic Edition, Law Schools)
|d vLex Global (U.S. Academic Edition, excluding Law Schools)
|d vLex Global (Academic Edition, Law Schools)
|
| 650 |
0 |
4 |
|a Derecho Sindical
|z Espaą
|
| 740 |
0 |
|
|a vLex Libros (Servicio en ln̕ea)
|
| 856 |
4 |
0 |
|u http://vlex.com/source/dimension-social-del-derecho-de-asilo-el-estatuto-de-garantias-de-integracion-socio-laboral-de-los-refugiados--23162
|z Acceso restringido
|
| 942 |
|
|
|c BOOK
|
| 999 |
0 |
|
|a Union Law
|